000 00754nam a2200253Ia 4500
003 OSt
005 20220104153624.0
008 210716s2011 xx 000 0 und d
020 _a978-0-19-987803-6
040 _cAIMIT LIBRARY
041 _aeng
082 _a001.42
_23
_bBRYA
100 _aBryman, Alan.
_912196
245 _aBusiness Research Methods.
_cby Alan Bryman and Emma Bell.
250 _a3rd. ed . -
260 _aNew Delhi:
_bOxford University Press,
_c2011.
300 _axxxvii,765p. ; 25.5 cm.
650 _aBusiness Research
_912197
650 _aEthics in business.
_912198
650 _aQuantitative Research,
_912199
650 _aEthnography.
_912200
700 _aBell, Emma.
_912201
942 _2ddc
_cBK
_e3rd
_k001.42 BRYA
999 _c207692
_d207692